| 000 | 00354nam a22001577a 4500 | ||
|---|---|---|---|
| 020 | _a- | ||
| 082 | _a005.133 NAS | ||
| 100 | _aNasir, Khan | ||
| 245 | _aC/C++ with Nasir | ||
| 250 | _a1st | ||
| 260 |
_aPakistan _bHaram Printers _c2008 |
||
| 300 | _ax, 315 p. | ||
| 500 | _aIncludes index. | ||
| 650 | _aC/C++ (Computer program language) | ||
| 942 | _cBK | ||
| 999 |
_c13220 _d13220 |
||